Statistics for Obscure Bible Characters

Click here to take the quiz!

General Stats

  • This quiz has been taken 348 times
  • The average score is 4 of 10

Answer Stats

HintAnswer% Correct
Gazed on Noah's nakednessHam
82%
Abandoned Paul and BarnabasJohn Mark
54%
David's first wifeMichal
53%
Healed Paul after conversionAnanias
46%
Abraham's wife after Sarah's deathKeturah
41%
Lefthanded killed a fat kingEhud
39%
King of SalemMelchizedek
33%
Hid prophets from JezebelObadiah
26%
Jeremiah's scribeBaruch
23%
Was left in Miletus due to sicknessTrophimus
6%

Score Distribution

Percentile by Number Answered

Percent of People with Each Score

Your Score History

You have not taken this quiz